Yüklüyor......

Visions of Discovery: new light on physics, cosmology and consciousness

Detaylı Bibliyografya
Yazar: Raymond Y. Chiao
Baskı/Yayın Bilgisi: Cambridge 2010
LEADER 00245 a2200097 4500
020
260 |b Cambridge  |c 2010 
942 |c BK  |6 _ 
245 |a Visions of Discovery: new light on physics, cosmology and consciousness 
100 |a Raymond Y. Chiao 
999 |c 62787  |d 62787